| 000 | 00859nas a2200265 a 4500 | ||
|---|---|---|---|
| 003 | CBULib | ||
| 005 | 20240503103030.0 | ||
| 008 | 070323c20069999||||||||||||||||| || u | ||
| 020 | _a 9789211127003 | ||
| 040 |
_cCBULIb _bEnglish _erda |
||
| 041 | _aeng | ||
| 050 | _aUNCTAD(058)IER/2006 | ||
| 110 | _aUnited Nations Conference on Trade and Development (UNCTAD) | ||
| 245 | 1 | 0 |
_aInformation economy report 2006 : the development perspective _c/ by United Nations Conference On Trade and Development |
| 260 |
_aGeneva : _bUnited Nations, _c2006 |
||
| 300 | _axxx, 314 pages : illustrtions | ||
| 336 |
_2rdacontent _aText | _btxt |
||
| 337 |
_2rdamedia _aUnmediated | _bn |
||
| 338 |
_2rdacarrier _aVolume _bnc |
||
| 500 | _a2 Volumes | ||
| 650 | 0 |
_aECONOMICS _9381 |
|
| 650 | 0 |
_aINFORMATION--ECONOMICS _92913 |
|
| 650 | _aECONOMICS | ||
| 942 |
_c029 _2mc |
||
| 999 |
_c46872 _d46872 |
||